00635nam a22001817a 450000500170000000800410001702000150005804000070007304100080008008200210008810000950010924500420020426000380024630000290028465000280031365100170034170000950035820211030115409.0211030b ||||| |||| 00| 0 eng d a8976681088 cAL aeng 223a327.54bCOMT aCommittee For Commemoration of the 30th Anniversary of Korea India Diplomatic Relations Ed aThirty Years of Korea India Relations aKoreabShingu Publishing Coc2003 ax,477 p. bHBc26x14 cm. aInternational Relations aKorea- India aCommittee For Commemoration of the 30th Anniversary of Korea India Diplomatic Relations Ed